000 00597nam a2200193 i 4500
001 145846
003 ES-MaACL
007 t|
008 071017s1975 sp ||||1| spa d
100 1 _aVergote, Antoine.
_9114121
245 1 0 _aPsicología religiosa /
_cAntoine Vergote ; versión... de Miguel Herrero de Miñón.
260 _aMadrid :
_bTaurus,
_c[1975]
300 _a382 p. ;
_c21 cm.
490 1 _aEnsayistas de hoy ;
_v58
700 1 _aHerrero de Miñón, Miguel.
_963306
830 0 _aEnsayistas de hoy ;
_v58
_9180849
852 _aES-MaACL
_jE-7074
_bR.91553
999 _c145846
_d145846